Online
Catalog

El antijovio / (Record no. 1795)

MARC details
000 -CABECERA
campo de control de longitud fija 00911cam a2200229 a 4500
001 - NÚMERO DE CONTROL
campo de control 000001929
005 - FECHA Y HORA DE LA ÚLTIMA TRANSACCIÓN
campo de control 20200929145748.0
008 - DATOS DE LONGITUD FIJA--INFORMACIÓN GENERAL
campo de control de longitud fija 920925s1991 ck a b 001 0 spa
040 ## - FUENTE DE LA CATALOGACIÓN
Centro catalogador/agencia de origen DO-SdBNP
Lengua de catalogación spa
Centro/agencia transcriptor BNPHU
082 ## - NÚMERO DE LA CLASIFICACIÓN DECIMAL DEWEY
Número de clasificación 940.2
Número de documento/Ítem J61a, 1991
100 1# - ENTRADA PRINCIPAL--NOMBRE DE PERSONA
Nombre de persona Jiménez de Quesada, Gonzalo,
Fechas asociadas al nombre 1579-?
9 (RLIN) 6256
245 13 - MENCIÓN DE TÍTULO
Título El antijovio /
Mención de responsabilidad, etc. Gonzalo Jiménez de Quesada ; edición y presentación de Guillermo Hernández Peñalosa ; prólogo de Jorge Eliécer Ruiz.
260 ## - PUBLICACIÓN, DISTRIBUCIÓN, ETC.
Lugar de publicación, distribución, etc. Bogota :
Nombre del editor, distribuidor, etc. Instituto Caro y Cuervo,
Fecha de publicación, distribución, etc. 1991.
300 ## - DESCRIPCIÓN FÍSICA
Extensión 2 v. :
Otras características físicas il. ;
Dimensiones 22 cm.
490 1# - MENCIÓN DE SERIE
Mención de serie Biblioteca colombiana
Designación de volumen o secuencia no. 37
504 ## - NOTA DE BIBLIOGRAFÍA, ETC.
Nota de bibliografía, etc. Incluye referencias bibliográficas e índice.
651 #4 - PUNTO DE ACCESO ADICIONAL DE MATERIA--NOMBRE GEOGRÁFICO
Nombre geográfico Europa
Subdivisión general Historia
Subdivisión cronológica 1492-1648.
9 (RLIN) 6257
700 1# - PUNTO DE ACCESO ADICIONAL--NOMBRE DE PERSONA
Nombre de persona Hernández Peñalosa, Guillermo,
Término indicativo de función/relación ed.
9 (RLIN) 6258
700 1# - PUNTO DE ACCESO ADICIONAL--NOMBRE DE PERSONA
Nombre de persona Ruiz, Jorge Eliécer,
Término indicativo de función/relación pról.
9 (RLIN) 6259
830 #0 - PUNTO DE ACCESO ADICIONAL DE SERIE-TÍTULO UNIFORME
Título uniforme Biblioteca colombiana ;
Designación de volumen o secuencia no. 37
9 (RLIN) 6260
910 ## - DATOS DE OPCIÓN DEL USUARIO (OCLC)
Datos de opción del usuario Catalogación por copia / LC
Holdings
Estado de retiro Estado de pérdida Restricciones de uso No para préstamo Código de colección Localización permanente Ubicación/localización actual Ubicación en estantería Fecha de adquisición Número de inventario Total de préstamos Signatura topográfica completa Código de barras Fecha visto por última vez Precio válido a partir de Tipo de ítem Koha
    Préstamo interno   Monografías: Libros y Folletos General General En catalogación 17.07.2009 LF1   940.2 J61a, 1991 1929-10 25.06.2020 25.06.2020 Préstamo interno

Powered by Koha